Normal view
MARC view
- Biostatistics
Entry Topical Term
001 - CONTROL NUMBER
- control field: 126740
003 - CONTROL NUMBER IDENTIFIER
- control field: NUST
005 - DATE AND TIME OF LATEST TRANSACTION
- control field: 20241104124636.0
008 - FIXED-LENGTH DATA ELEMENTS
- fixed length control field: 241104|| aca||aabn | a|a d
040 ## - CATALOGING SOURCE
- Original cataloging agency: NUST
- Transcribing agency: NUST
150 ## - HEADING--TOPICAL TERM
- Topical term or geographic name entry element: Biostatistics
- General subdivision: methods
670 ## - SOURCE DATA FOUND
- Source citation: Work cat.: (NUST)0: Gerstman, B. Burt, author. 126739, Basic biostatistics :
